00000000nam 2200000zi 4500
0019.934704
003CaOODSP
00520241120095056
006m     o  d f      
007cr mn|||||||||
008240229t20242024quca    o    f000 0 fre d
020 |a9780660705422
040 |aCaOODSP|bfre|erda|cCaOODSP
0861 |aFo113-1/132-2024F-PDF
24500|aAnticiper les attaques d'insectes pour mieux planifier les coupes de récupération après feu.
264 1|a[Québec] : |bRessources naturelles Canada = Natural Resources Canada, |c2024.
264 4|c©2024
300 |a1 ressource en ligne (2 pages non numérotées) : |billustrations en couleur.
336 |atexte|btxt|2rdacontent/fre
337 |ainformatique|bc|2rdamedia/fre
338 |aressource en ligne|bcr|2rdacarrier/fre
4901 |aL'éclaircie du Service canadien des forêts - Centre de foresterie des Laurentides, |y1705-5806 ; |v132
500 |aPublié aussi en anglais sous le titre : Predicting insect attacks to better plan post-fire salvage logging operations.
500 |aL'ISSN de la collection devrait être 1705-5814.
650 6|aInsectes forestiers|xPrévision.
650 6|aArbres|xMaladies et fléaux|xPrévision.
650 6|aCoupe de récupération|xAspect de l'environnement.
650 6|aForêts|xIncendies|xAspect de l'environnement.
7102 |aCentre de foresterie des Laurentides, |eorganisme de publication.
77508|tPredicting insect attacks to better plan post-fire salvage logging operations.|w(CaOODSP)9.934701
7760#|tAnticiper les attaques d'insectes pour mieux planifles coupes de récupération après feu.|w(CaOODSP)9.934707
830#0|aL'éclaircie du Service canadien des forêts, Centre de foresterie des Laurentides ;|v132.|w(CaOODSP)9.501099
85640|qPDF|s4.65 Mo|uhttps://publications.gc.ca/collections/collection_2024/rncan-nrcan/Fo113-1-132-2024-fra.pdf